000 00568nam a22002297a 4500
003 UA-OsUOA
001 50015
007 ta
008 20071018b un ||||| |||| 00| 0 ukr d
090 _a2(075.8)
_bР36
942 _cBK
040 _aUA-OsUOA
_bukr
_cUA-OsUOA
_dUA-OsUOA
245 _aРелігієзнавство
_bПідручник
300 _a468 с.
955 _a2
041 _aukr
080 _a2(075.8)
020 _a966-346-201-9
260 _aК.
_bЗнання
_c2007
650 7 _a2 Релігія. Теологія.
_2UDC
999 _c336111
_d336111